000 00682nam a22002057a 4500
999 _c7962
_d7962
003 OSt
005 20220809135820.0
008 220809b ||||| |||| 00| 0 eng d
020 _a9781849962438
040 _cddc
082 _a658.4 ENT 2010
100 _a Lihui, Wang; S.C. Lenny, Koh.
_916171
245 _aEnterprise networks and logistics for agile manufacturing.
260 _aLondon :
_bSpringer;
_c©2010
300 _axix, 406 pages :
_b illustrations some color
_c26cm.
504 _aIncludes bibliographical references and index.
650 _aFlexible manufacturing systems.
_916172
650 _aProduction planning -- Data processing.
_916173
942 _2ddc
_cBOOK